| 000 | 01113cam a22002175a 4500 | ||
|---|---|---|---|
| 001 | L137646 | ||
| 008 | 070423s2007 xxk f 000 0 eng d | ||
| 035 | _a(Sirsi) u137646 | ||
| 041 | 0 | _aeng | |
| 110 | 2 |
_aGVA Grimley _93646 |
|
| 245 | 0 | 0 |
_aUK economic and property market review _bfirst quarter 2007 _h[electronic resource] |
| 260 |
_aLondon _bGVA Grimley _c2007 |
||
| 490 | 0 |
_aGVA Grimley Economic and Property Market Review UK _vFirst Quarter 2007 |
|
| 520 | _aReports strong output for all sectors, especially the financial and business services sector, and property occupier demand strengthening. Predicts occupier demand remaining robust despite increased interest rates. Forecasts average rents to rise by just under 3.7% during 2007 and then moderate very gradually to 3.2% pa by the end of 2011. | ||
| 590 | _aKA | ||
| 650 | 2 | 4 | _aGVA GRIMLEY ECONOMIC AND PROPERTY MARKET REVIEW UK |
| 651 | 4 |
_aUnited Kingdom _y |
|
| 690 | _aPROPERTY-COMMERCIAL PROPERTY-COMMERCIAL PROPERTY MARKET | ||
| 856 | 4 | 0 |
_uhttps://www.gvagrimley.co.uk/ _zView the item free of charge at www.gvagrimley.co.uk... |
| 942 | _n0 | ||
| 999 |
_c106863 _d106863 |
||